Doctorate Abbreviations - Statistics

General Stats
  • This quiz has been taken 23 times
  • The average score is 9 of 16
Answer Stats
Hint Answer % Correct
PhD Doctor of Philosophy
96%
MD Doctor of Medicine
91%
EdD Doctor of Education
74%
PsyD Doctor of Psychology
74%
PharmD Doctor of Pharmacy
70%
ThD Doctor of Theology
65%
DBA Doctor of Business Administration
61%
DDS Doctor of Dental Surgery
52%
JD Doctor of Law
48%
DPT Doctor of Physical Therapy
43%
VMD Doctor of Veterinary Medicine
43%
OD Doctor of Optometry
39%
DO Doctor of Osteopathic Medicine
35%
DC Doctor of Chiropractic
30%
DNP Doctor of Nursing Practice
30%
DPM Doctor of Podiatric Medicine
13%
No matching quizzes found
Score Distribution
Percent of People with Each Score
Percentile by Number Answered
Your Score History
You have not taken this quiz